Countries that eat the least calories - Statistics

General Stats
  • This quiz has been taken 16 times
  • The average score is 5 of 15
Answer Stats
calories countries % Correct
2198 Afghanistan
73%
2203 China
64%
1979 Mali
45%
2194 Cote d'Ivoire
36%
2076 Hungary
36%
2262 Morocco
36%
2170 Nepal
36%
2167 Honduras
27%
2303 Madagascar
27%
1775 Cameroon
18%
2204 Qatar
18%
2123 Vanuatu
18%
2096 Djibouti
9%
2151 Kuwait
9%
2268 Saudi Arabia
9%
No matching quizzes found
Score Distribution
Percent of People with Each Score
Percentile by Number Answered
Your Score History
You have not taken this quiz